00585nam a2200157Ia 450000500170000000800410001702000180005810000340007624500410011026000400015130000150019165000250020694200070023199900190023895201700025720250319120935.0231217s9999 xx 000 0 und d a9788131725221 aHammer, kay. Timmerman, Tina. 0aFundamentals of software integration c2010bJones and BartlettaNew Delhi axviii, 305 asoftware,integration cAA c184592d184592 r2024-01-26 00:00:00l0p57139W25v221.25w2024-01-26yAA1040708IS00K57252L19/08/2013aMLbMLcISd2009-12-04eBook Paradiseg295.00EISGRSF1V73.75URupees